Administrative law (Record no. 22664)
[ view plain ]
| 000 -LEADER | |
|---|---|
| fixed length control field | 00477nam a2200181Ia 4500 |
| 008 - FIXED-LENGTH DATA ELEMENTS--GENERAL INFORMATION | |
| fixed length control field | 230917s9999||||xx |||||||||||||| ||und|| |
| 020 ## - ISBN | |
| Price | RS500 |
| 040 ## - CATALOGING SOURCE | |
| -- | 240280 |
| Original cataloging agency | VIVEKANANDA LIBRARY |
| 041 ## - Language | |
| -- | English |
| 082 ## - DDC NUMBER | |
| Classification number | 342 U1A(10) |
| 100 ## - MAIN ENTRY--PERSONAL NAME | |
| Personal name | Upadhyaya, J J R |
| 245 #0 - TITLE STATEMENT | |
| Title | Administrative law |
| 250 ## - EDITION STATEMENT | |
| Edition statement | 10th rep. ed. |
| 260 ## - PUBLICATION, DISTRIBUTION, ETC. (IMPRINT) | |
| Place of publication, distribution, etc | Allahabad |
| Name of publisher, distributor, etc | Central Law Agency |
| Date of publication, distribution, etc | 2017 |
| 300 ## - PHYSICAL DESCRIPTION | |
| Pages | xlvii, 606 p. |
| 500 ## - GENERAL NOTE | |
| General note | 2722 29/05/2017 RBP17/66412 06/06/2017 Main Budget |
| 942 ## - ADDED ENTRY ELEMENTS (KOHA) | |
| Koha item type | Books |
| Withdrawn status | Lost status | Damaged status | Not for loan | Location (home branch) | Sublocation or collection (holding branch) | Date acquired | Koha issues (times borrowed) | Koha full call number | Accession No. | Koha date last seen | Koha item type |
|---|---|---|---|---|---|---|---|---|---|---|---|
| VIVEKANANDA LIBRARY | VIVEKANANDA LIBRARY | 12/07/2017 | 1 | 342 U1A(10) | 375003 | 09/03/2026 | Books | ||||
| VIVEKANANDA LIBRARY | VIVEKANANDA LIBRARY | 12/07/2017 | 342 U1A(10) | 375004 | 17/09/2023 | Books | |||||
| VIVEKANANDA LIBRARY | VIVEKANANDA LIBRARY | 12/07/2017 | 2 | 342 U1A(10) | 375005 | 23/04/2026 | Books | ||||
| VIVEKANANDA LIBRARY | VIVEKANANDA LIBRARY | 12/07/2017 | 342 U1A(10) | 375006 | 17/09/2023 | Books |
